[Event "Budapest Spring op 29th"]
[Site "Budapest"]
[Date "2013.03.25"]
[Round "7"]
[White "Lim, Kian Hwa"]
[Black "Kun, Joan"]
[Result "1-0"]
[WhiteElo "1839"]
[BlackElo "1859"]
[PlyCount "71"]
[EventDate "2013.03.18"]
[EventType "swiss"]
[EventRounds "9"]
[EventCountry "HUN"]
[SourceTitle "CBM 153 Extra"]
[Source "ChessBase"]
[SourceDate "2013.04.22"]
[SourceVersion "1"]
[SourceVersionDate "2013.04.22"]
[SourceQuality "1"]

1. e4 c6 2. d4 d5 3. Nc3 dxe4 4. Nxe4 Bf5 5. Ng3 Bg6 6. Nf3 e6 7. Bc4 Nf6 8. 0-0 Nbd7 9. Re1 Be7 10. Qe2 0-0 11. Bb3 Bd6 12. Bd2 Qc7 13. Ne5 Rad8 14. Bg5 Be7 15. h4 Nxe5 16. dxe5 Nd5 17. Bxe7 Nxe7 18. Rad1 h6 19. c3 a5 20. h5 Bh7 21. Bc2 Bxc2 22. Qxc2 Rxd1 23. Qxd1 Rd8 24. Qe2 Rd5 25. f4 Rb5 26. b3 Rd5 27. Ne4 Kh8 28. Nd6 Nc8 29. c4 Rc5 30. Ne4 b6 31. Nxc5 bxc5 32. Qd2 Ne7 33. Qd6 Qb7 34. Rd1 Nf5 35. Qf8+ Kh7 36. Rd8 1-0

[Event "Budapest Spring op 29th"]
[Site "Budapest"]
[Date "2013.03.23"]
[Round "6"]
[White "Kun, Joan"]
[Black "Gal, Hanna Krisztina"]
[Result "1/2-1/2"]
[WhiteElo "1859"]
[BlackElo "2057"]
[PlyCount "37"]
[EventDate "2013.03.18"]
[EventType "swiss"]
[EventRounds "9"]
[EventCountry "HUN"]
[SourceTitle "CBM 153 Extra"]
[Source "ChessBase"]
[SourceDate "2013.04.22"]
[SourceVersion "1"]
[SourceVersionDate "2013.04.22"]
[SourceQuality "1"]

1. d4 d5 2. Nf3 Nf6 3. Bf4 c5 4. c3 Nc6 5. e3 Qb6 6. Qb3 c4 7. Qxb6 axb6 8. Nbd2 b5 9. Be2 Bf5 10. 0-0 h6 11. Ne5 Nd8 12. f3 e6 13. g4 Bh7 14. Bg3 Be7 15. a3 Nd7 16. Nxd7 Kxd7 17. e4 Nc6 18. Rad1 Bd6 19. Bxd6 1/2-1/2

[Event "Budapest Spring op 29th"]
[Site "Budapest"]
[Date "2013.03.21"]
[Round "4"]
[White "Kun, Joan"]
[Black "Bodrogi, Mihaly"]
[Result "0-1"]
[WhiteElo "1859"]
[BlackElo "2076"]
[PlyCount "46"]
[EventDate "2013.03.18"]
[EventType "swiss"]
[EventRounds "9"]
[EventCountry "HUN"]
[SourceTitle "CBM 153 Extra"]
[Source "ChessBase"]
[SourceDate "2013.04.22"]
[SourceVersion "1"]
[SourceVersionDate "2013.04.22"]
[SourceQuality "1"]

1. d4 c5 2. c3 Qa5 3. dxc5 Qxc5 4. Nf3 e5 5. Nbd2 Nf6 6. Nb3 Qc7 7. Bg5 Be7 8. e3 0-0 9. Be2 d6 10. 0-0 Be6 11. Qc2 Nbd7 12. Rad1 h6 13. Bh4 Rfe8 14. Bg3 Bf8 15. e4 Nh5 16. Ne1 Nxg3 17. hxg3 a6 18. Nd2 b5 19. Qb1 Nb6 20. Ndf3 Rac8 21. Nd3 a5 22. Nde1 b4 23. cxb4 axb4 0-1

[Event "Arad op"]
[Site "Arad"]
[Date "2012.07.29"]
[Round "3"]
[White "Kun, Joan"]
[Black "Ungureanu, Sandu"]
[Result "1/2-1/2"]
[WhiteElo "1847"]
[BlackElo "2057"]
[PlyCount "53"]
[EventDate "2012.07.27"]
[EventType "swiss"]
[EventRounds "9"]
[EventCountry "ROU"]
[SourceTitle "CBM 149 Extra"]
[Source "ChessBase"]
[SourceDate "2012.08.24"]
[SourceVersion "1"]
[SourceVersionDate "2012.08.24"]
[SourceQuality "1"]

1. d4 b5 2. Nf3 Bb7 3. Bf4 d6 4. Nbd2 Nd7 5. e4 a6 6. c3 c5 7. Bd3 cxd4 8. cxd4 Ngf6 9. 0-0 e6 10. Rc1 Be7 11. Bb1 0-0 12. Re1 Qb6 13. e5 dxe5 14. dxe5 Nd5 15. Bg5 Rfc8 16. Ne4 Nf8 17. Bxe7 Nxe7 18. Rxc8 Rxc8 19. Nd6 Rd8 20. Qe2 Neg6 21. Bxg6 Nxg6 22. Nxb7 Qxb7 23. Rd1 Rxd1+ 24. Qxd1 Qd5 25. Qxd5 exd5 26. g3 Nf8 27. h4 1/2-1/2

[Event "Puspokladany Arnoth Memorial 04th"]
[Site "Puspokladany"]
[Date "2011.07.31"]
[Round "8"]
[White "Karikas, Marianna"]
[Black "Kun, Joan"]
[Result "1-0"]
[WhiteElo "1833"]
[BlackElo "1845"]
[PlyCount "97"]
[EventDate "2011.07.27"]
[EventType "swiss"]
[EventRounds "9"]
[EventCountry "HUN"]
[SourceTitle "EXT 2018"]
[Source "ChessBase"]
[SourceDate "2017.10.13"]
[SourceVersion "1"]
[SourceVersionDate "2017.10.13"]
[SourceQuality "1"]

1. d4 d5 2. Nf3 Bf5 3. c4 dxc4 4. e3 c6 5. Bxc4 e6 6. 0-0 Nd7 7. Nc3 Ngf6 8. Re1 Bb4 9. a3 Ba5 10. b4 Bc7 11. e4 Bg4 12. h3 Bh5 13. Qd3 Nb6 14. Bb3 Rc8 15. Bg5 Bg6 16. Qe2 Qd7 17. Rad1 0-0 18. d5 cxd5 19. exd5 Bh2+ 20. Nxh2 Rxc3 21. dxe6 Qc6 22. exf7+ Bxf7 23. Bxf7+ Kxf7 24. Qe7+ Kg8 25. Rd8 Nfd7 26. Rxf8+ Nxf8 27. Ng4 Qd7 28. Qe5 Rd3 29. Qb2 Nc4 30. Qe2 h6 31. Bxh6 Qf5 32. Be3 b6 33. Rd1 Rxd1+ 34. Qxd1 Qe4 35. a4 Ng6 36. Qd7 Nxe3 37. Nxe3 Nf4 38. Qb5 Qb1+ 39. Kh2 Ng6 40. a5 Qe1 41. Qd5+ Kh8 42. Qh5+ Kg8 43. Qxg6 Qxf2 44. Qg3 Qf6 45. Ng4 Qc6 46. Qe5 bxa5 47. bxa5 Qa6 48. Ne3 Qb7 49. Qd5+ 1-0

[Event "Puspokladany Arnoth Memorial 04th"]
[Site "Puspokladany"]
[Date "2011.07.30"]
[Round "7"]
[White "Czigler, Dezso Zoltan"]
[Black "Kun, Joan"]
[Result "1-0"]
[WhiteElo "1940"]
[BlackElo "1845"]
[PlyCount "85"]
[EventDate "2011.07.27"]
[EventType "swiss"]
[EventRounds "9"]
[EventCountry "HUN"]
[SourceTitle "EXT 2018"]
[Source "ChessBase"]
[SourceDate "2017.10.13"]
[SourceVersion "1"]
[SourceVersionDate "2017.10.13"]
[SourceQuality "1"]

1. d4 d5 2. Bg5 c6 3. c3 Bf5 4. e3 Nd7 5. Nf3 Ngf6 6. Qb3 Qc7 7. Bf4 Qb6 8. Nbd2 e6 9. h3 Be7 10. Be2 0-0 11. Nh4 Ne4 12. Nxf5 exf5 13. Nxe4 fxe4 14. Qc2 Rac8 15. 0-0 f5 16. Rfd1 Qd8 17. c4 dxc4 18. Bxc4+ Kh8 19. Be6 Ra8 20. d5 c5 21. d6 Bf6 22. Bxd7 Qxd7 23. Qxc5 Bxb2 24. Rab1 Bf6 25. Qb5 Rfd8 26. Qxb7 Qa4 27. d7 g5 28. Bc7 Qxa2 29. Bxd8 Rxd8 30. Qd5 Qxd5 31. Rxd5 Kg7 32. Rb7 f4 33. Rxa7 Kf7 34. Ra4 Ke6 35. Rd1 Kf5 36. Rc4 h5 37. Rc8 Ke6 38. Rxd8 Bxd8 39. Kf1 Ke7 40. Ke2 Ba5 41. Rd5 f3+ 42. gxf3 exf3+ 43. Kxf3 1-0

[Event "Puspokladany Arnoth Memorial 04th"]
[Site "Puspokladany"]
[Date "2011.07.30"]
[Round "6"]
[White "Kun, Joan"]
[Black "Bakk, Zoltan"]
[Result "0-1"]
[WhiteElo "1845"]
[BlackElo "2065"]
[PlyCount "62"]
[EventDate "2011.07.27"]
[EventType "swiss"]
[EventRounds "9"]
[EventCountry "HUN"]
[SourceTitle "EXT 2018"]
[Source "ChessBase"]
[SourceDate "2017.10.13"]
[SourceVersion "1"]
[SourceVersionDate "2017.10.13"]
[SourceQuality "1"]

1. d4 c5 2. dxc5 e6 3. c3 Bxc5 4. Nf3 Qb6 5. e3 Nf6 6. Nbd2 d5 7. Bd3 Nc6 8. 0-0 Bxe3 9. Nb3 Bxc1 10. Rxc1 0-0 11. Bb1 e5 12. Qd2 Bg4 13. Nh4 Rad8 14. h3 Bh5 15. g4 Bg6 16. Nf5 Ne4 17. Qe3 Bxf5 18. gxf5 Nf6 19. Qg3 Nh5 20. Qh4 g6 21. Kh1 e4 22. Rg1 Kh8 23. Rg5 Ng7 24. f6 Nf5 25. Qf4 Rde8 26. Rxf5 gxf5 27. Rg1 Rg8 28. Rxg8+ Rxg8 29. Qxf5 Nd8 30. Nd2 Qxb2 31. Qxd5 Qc1+ 0-1

[Event "Puspokladany Arnoth Memorial 04th"]
[Site "Puspokladany"]
[Date "2011.07.29"]
[Round "5"]
[White "Kun, Joan"]
[Black "Chereches, Marius"]
[Result "1/2-1/2"]
[WhiteElo "1845"]
[BlackElo "2280"]
[PlyCount "77"]
[EventDate "2011.07.27"]
[EventType "swiss"]
[EventRounds "9"]
[EventCountry "HUN"]
[SourceTitle "EXT 2018"]
[Source "ChessBase"]
[SourceDate "2017.10.13"]
[SourceVersion "1"]
[SourceVersionDate "2017.10.13"]
[SourceQuality "1"]

1. d4 Nf6 2. Nf3 e6 3. Bf4 c5 4. c3 Qb6 5. Qc2 cxd4 6. Nxd4 d6 7. Bg3 Be7 8. e3 a6 9. Bd3 Nbd7 10. Nd2 Nc5 11. Be2 0-0 12. 0-0 Qc7 13. Rfd1 b5 14. Bf3 Bb7 15. N2b3 Nce4 16. Nd2 Nc5 17. N2b3 Bxf3 18. Nxf3 Rfd8 19. Rd4 Qb6 20. Rad1 d5 21. Ne5 Nce4 22. Qe2 Bd6 23. Ng4 Nxg4 24. Qxg4 Nxg3 25. hxg3 a5 26. e4 a4 27. Nc1 Bc5 28. R4d2 dxe4 29. Qxe4 Bxf2+ 30. Kh2 Qc7 31. Rxf2 Re8 32. Rfd2 a3 33. Qb4 axb2 34. Rxb2 Reb8 35. Rdd2 Qe5 36. Ne2 h6 37. Nd4 Rc8 38. Rd3 Rc5 39. Rbd2 1/2-1/2

[Event "Puspokladany Arnoth Memorial 04th"]
[Site "Puspokladany"]
[Date "2011.07.28"]
[Round "2"]
[White "Finszter, Mate"]
[Black "Kun, Joan"]
[Result "1-0"]
[WhiteElo "2072"]
[BlackElo "1845"]
[PlyCount "139"]
[EventDate "2011.07.27"]
[EventType "swiss"]
[EventRounds "9"]
[EventCountry "HUN"]
[SourceTitle "EXT 2018"]
[Source "ChessBase"]
[SourceDate "2017.10.13"]
[SourceVersion "1"]
[SourceVersionDate "2017.10.13"]
[SourceQuality "1"]

1. d4 d5 2. c4 dxc4 3. Nf3 c6 4. e3 Bf5 5. Bxc4 e6 6. 0-0 Nd7 7. Nc3 Ngf6 8. Qe2 Be7 9. Rd1 Qc7 10. Bb3 0-0 11. e4 Bg6 12. Bg5 Bb4 13. e5 Nd5 14. Nxd5 exd5 15. Rac1 Nb6 16. Nh4 Rfe8 17. Nxg6 hxg6 18. Qg4 Qd7 19. Qh4 Be7 20. Rc3 Bxg5 21. Qxg5 Qf5 22. Qh4 Qh5 23. Qxh5 gxh5 24. f4 Nd7 25. Rdc1 Nf8 26. g3 Ne6 27. Rd1 g6 28. a3 Kh7 29. Ba2 Rab8 30. Kf2 Rec8 31. Kf3 Kh6 32. Rcc1 Rd8 33. h3 Rh8 34. b4 a6 35. a4 Rhd8 36. Ke3 Rbc8 37. Rc2 Ng7 38. g4 Ne6 39. Rdc1 Ra8 40. Bb1 Rh8 41. f5 Nf8 42. Rh2 h4 43. Rf2 g5 44. Bd3 Nd7 45. f6 Rhe8 46. Kd2 Nf8 47. Bf5 Ne6 48. Bxe6 Rxe6 49. Kd3 Rd8 50. Rd2 Ra8 51. Rc3 Rb8 52. Rdc2 Ra8 53. Rc5 Kh7 54. R5c3 Kg6 55. Rb2 Kh7 56. Kd2 Kg6 57. Kc1 Rc8 58. Rbb3 Ree8 59. Kb2 Re6 60. Rc1 Ree8 61. Rbc3 Re6 62. b5 axb5 63. axb5 Rb8 64. Rb3 Rc8 65. b6 c5 66. Rb5 Rcc6 67. Rcxc5 Rxc5 68. dxc5 Rxe5 69. c6 bxc6 70. b7 1-0

[Event "Budapest Spring op 26th"]
[Site "Budapest"]
[Date "2010.03.20"]
[Round "2"]
[White "Kun, Joan"]
[Black "Ramminger, Heinz"]
[Result "1/2-1/2"]
[WhiteElo "1895"]
[BlackElo "1516"]
[PlyCount "20"]
[EventDate "2010.03.19"]
[EventType "swiss"]
[EventRounds "9"]
[EventCountry "HUN"]
[SourceTitle "CBM 135 Extra"]
[Source "ChessBase"]
[SourceDate "2010.05.04"]
[SourceVersion "1"]
[SourceVersionDate "2010.05.04"]
[SourceQuality "1"]

1. d4 Nf6 2. Bf4 e6 3. c3 d5 4. Nf3 Nbd7 5. e3 c5 6. dxc5 Nxc5 7. Nbd2 b6 8. Nb3 Bb7 9. Nxc5 Bxc5 10. Qa4+ Qd7 1/2-1/2

[Event "Rheinland-ch H1"]
[Site "Mainz Laubenheim"]
[Date "2002.03.24"]
[Round "4.7"]
[White "Schmitt, Christian"]
[Black "Kun, Joan"]
[Result "1-0"]
[WhiteElo "1763"]
[BlackElo "1664"]
[PlyCount "69"]
[EventDate "2002.03.23"]
[EventType "swiss"]
[EventRounds "7"]
[EventCountry "GER"]
[SourceTitle "EXT 2003"]
[Source "ChessBase"]
[SourceDate "2002.11.25"]
[SourceVersion "1"]
[SourceVersionDate "2002.11.25"]
[SourceQuality "1"]

1. d4 d5 2. Nf3 Nf6 3. Bg5 Nbd7 4. e3 c6 5. c3 g6 6. Bd3 Bg7 7. 0-0 0-0 8. Nbd2 Nb6 9. h3 Bd7 10. e4 dxe4 11. Nxe4 Nxe4 12. Bxe4 Be6 13. Re1 Qc7 14. Bd3 Rad8 15. Qc1 c5 16. Bh6 cxd4 17. Bxg7 Kxg7 18. Nxd4 Bd5 19. Qe3 Rfe8 20. Qg5 e6 21. h4 Qe7 22. Nf5+ exf5 23. Rxe7 Rxe7 24. Qxe7 Rd7 25. Qg5 Be6 26. Be2 h6 27. Qf4 Nd5 28. Qd4+ Nf6 29. Qe3 b6 30. Rd1 Re7 31. Qe5 Re8 32. Rd6 g5 33. hxg5 hxg5 34. Bc4 Kg6 35. Bxe6 1-0

[Event "Rheinland-ch H1"]
[Site "Mainz Laubenheim"]
[Date "2002.03.23"]
[Round "2.8"]
[White "Kun, Joan"]
[Black "Korb, Markus"]
[Result "0-1"]
[WhiteElo "1664"]
[BlackElo "1808"]
[PlyCount "120"]
[EventDate "2002.03.23"]
[EventType "swiss"]
[EventRounds "7"]
[EventCountry "GER"]
[SourceTitle "EXT 2003"]
[Source "ChessBase"]
[SourceDate "2002.11.25"]
[SourceVersion "1"]
[SourceVersionDate "2002.11.25"]
[SourceQuality "1"]

1. e4 e6 2. Nc3 d5 3. exd5 exd5 4. d4 Nf6 5. Nf3 Bg4 6. Be2 Bd6 7. Bg5 c6 8. h3 Bh5 9. Ne5 Bxe2 10. Qxe2 0-0 11. 0-0 h6 12. Bxf6 Qxf6 13. Nf3 Nd7 14. Qd3 Rfe8 15. Nd1 Re7 16. Ne3 g6 17. Rfe1 Rae8 18. Kf1 Bf4 19. Ng4 Rxe1+ 20. Rxe1 Rxe1+ 21. Kxe1 Qe7+ 22. Kf1 h5 23. Ne3 Nb6 24. b3 Qa3 25. g3 Bh6 26. Ne5 Qc1+ 27. Kg2 Bxe3 28. fxe3 Kg7 29. a4 Qe1 30. Nf3 Qb4 31. e4 dxe4 32. Qxe4 Nd5 33. c4 Nf6 34. Qd3 Qd6 35. Qe3 Qa3 36. Ne5 Qb2+ 37. Kf3 Qh2 38. h4 Qh1+ 39. Ke2 Qg2+ 40. Qf2 Qxf2+ 41. Kxf2 Ne4+ 42. Kf3 Nd2+ 43. Ke3 Nxb3 44. d5 cxd5 45. cxd5 Kf6 46. Nc4 Ke7 47. Kf4 a6 48. a5 f6 49. g4 hxg4 50. Kxg4 Nc5 51. h5 gxh5+ 52. Kxh5 Ne4 53. Kg4 Nc3 54. Nb6 Kd6 55. Kf5 Nxd5 56. Nc8+ Kc5 57. Ke6 Nb4 58. Nb6 Kb5 59. Kxf6 Kxa5 60. Nc4+ Kb5 0-1